| 000 | 00640nam a2200241Ia 4500 | ||
|---|---|---|---|
| 003 | OSt | ||
| 005 | 20221005092716.0 | ||
| 006 | a|||||r|||| 00| 0 | ||
| 007 | ta | ||
| 008 | 221004b |||||||| |||| 00| 0 eng d | ||
| 024 | _a27232 | ||
| 037 | _cTextual | ||
| 040 |
_aCRL _cCRL _beng |
||
| 041 |
_2eng _aeng |
||
| 082 | _aAw, M2 | ||
| 100 |
_aHylts Philip J _9617668 |
||
| 245 | 0 |
_aScientific temperaments _b Three lives in contemporary science |
|
| 260 |
_aNew York _bSimon and Schuster _c1982 |
||
| 300 |
_a302p _ccm. |
||
| 650 | _aSCIENCE | ||
| 942 |
_hAw, M2 _cTEXL _2cc |
||
| 999 |
_c999247 _d999247 |
||